书目信息 |
| 题名: |
Java程序设计
|
|
| 作者: | 韩建平 , 周梦熊 , 张海平 主编 | |
| 分册: | ||
| 出版信息: | 北京 电子工业出版社 2019 |
|
| 页数: | 235页 | |
| 开本: | 26cm | |
| 丛书名: | 新工科建设之路·计算机类规划教材 | |
| 单 册: | ||
| 中图分类: | TP312JA-43 | |
| 科图分类: | ||
| 主题词: | JAVA语言--JAVA yu yan--程序设计--高等学校--教材 | |
| 电子资源: | ||
| ISBN: | 978-7-121-35547-9 | |
| 000 | 01159nam 2200301 450 | |
| 001 | 012001005219 | |
| 005 | 20140101151606.0 | |
| 010 | @a978-7-121-35547-9@dCNY42.00 | |
| 099 | @aCAL 012019015459 | |
| 100 | @a20190223d2019 em y0chiy50 ea | |
| 101 | 0 | @achi |
| 102 | @aCN@b110000 | |
| 105 | @aak z 000yy | |
| 106 | @ar | |
| 200 | 1 | @aJava程序设计@AJava cheng xu she ji@f韩建平, 周梦熊, 张海平主编 |
| 210 | @a北京@c电子工业出版社@d2019 | |
| 215 | @a235页@c图@d26cm | |
| 225 | 2 | @a新工科建设之路·计算机类规划教材@Axin gong ke jian she zhi lu · ji suan ji lei gui hua jiao cai |
| 330 | @a本书共分为9章,内容包括Java程序设计概述、Java语言基础、程序流程控制、数组、类与对象、类的继承、异常处理和输入/输出、图形用户界面,以及集合、反射与泛型。 | |
| 333 | @a普通高等教育“十三五”规划教材 | |
| 410 | 0 | @12001 @a新工科建设之路·计算机类规划教材 |
| 606 | 0 | @aJAVA语言@AJAVA yu yan@x程序设计@x高等学校@j教材 |
| 690 | @aTP312JA-43@v5 | |
| 701 | 0 | @a韩建平@Ahan jian ping@4主编 |
| 701 | 0 | @a周梦熊@Azhou meng xiong@4主编 |
| 701 | 0 | @a张海平@Azhang hai ping@4主编 |
| 801 | 0 | @aCN@b江苏凤凰@c20191020 |
| 905 | @b1207752-5@dTP312JA-43@e1586@f4 | |
| Java程序设计/韩建平, 周梦熊, 张海平主编.-北京:电子工业出版社,2019 |
| 235页:图;26cm.-(新工科建设之路·计算机类规划教材) |
| 使用对象:普通高等教育“十三五”规划教材 |
| ISBN 978-7-121-35547-9:CNY42.00 |
| 本书共分为9章,内容包括Java程序设计概述、Java语言基础、程序流程控制、数组、类与对象、类的继承、异常处理和输入/输出、图形用户界面,以及集合、反射与泛型。 |
| ● |
| 相关链接 |
|
|
|
|
正题名:Java程序设计
索取号:TP312JA-43/1586
 
预约/预借
| 序号 | 登录号 | 条形码 | 馆藏地/架位号 | 状态 | 备注 |
| 1 | 1207752 | 212077526 | 第二样本阅览室/ [索取号:TP312JA-43/1586] | 在馆 | |
| 2 | 1207753 | 212077535 | 第三借阅区/ [索取号:TP312JA-43/1586] | 在馆 | |
| 3 | 1207754 | 212077544 | 第三借阅区/ [索取号:TP312JA-43/1586] | 在馆 | |
| 4 | 1207755 | 212077553 | 第三借阅区/ [索取号:TP312JA-43/1586] | 在馆 |